00462 a2200145 4500003000500000005001700005040000900022082001200031100002100043245005500064260003300119300001200152505013900164650001300303NUST20230131155548.0 cNust a942,BAL aBaldwin, Stanley aOn England and Other Addresses /cStanley Baldwin aEnglandbPenguin Booksc1926 a230: p. aOn England and the West (Page-11), On Peace in Industry (Page-33), On Political Life (Page-71), On Literature and the Arts (PAge-107). a England